[Event "ROM-chT"]
[Site "Predeal"]
[Date "1997.??.??"]
[Round "1"]
[White "Istrate, Bogdan"]
[Black "Berescu, Alin Mile"]
[Result "1/2-1/2"]
[WhiteElo "2345"]
[BlackElo "2310"]
[PlyCount "45"]
[EventDate "1997.??.??"]
[EventType "team-swiss"]
[EventRounds "5"]
[EventCountry "ROU"]
[SourceTitle "EXT 2002"]
[Source "ChessBase"]
[SourceDate "2001.11.25"]
[SourceVersion "1"]
[SourceVersionDate "2001.11.25"]
[SourceQuality "1"]

1. c4 Nf6 2. Nf3 c5 3. g3 b6 4. Bg2 Bb7 5. 0-0 e6 6. Nc3 Be7 7. d4 cxd4 8. Qxd4 d6 9. b3 Nbd7 10. Rd1 a6 11. e4 Qc7 12. Ba3 Nc5 13. e5 dxe5 14. Qxe5 Rc8 15. Qxc7 Rxc7 16. Ne5 Bxg2 17. Kxg2 Ncd7 18. Bxe7 Kxe7 19. Nxd7 Rxd7 20. Rxd7+ Nxd7 21. Re1 Rc8 22. Nd5+ Kd6 23. Ne3 1/2-1/2

[Event "ROM-chB"]
[Site "Alba Iulia"]
[Date "1997.??.??"]
[Round "?"]
[White "Istrate, Bogdan"]
[Black "Mateuta, Gabriel"]
[Result "1-0"]
[WhiteElo "2325"]
[BlackElo "2435"]
[PlyCount "83"]
[EventDate "1997.07.??"]
[EventType "tourn"]
[EventRounds "9"]
[EventCountry "ROU"]
[EventCategory "6"]
[SourceTitle "EXT 2000"]
[Source "ChessBase"]
[SourceDate "1999.11.16"]
[SourceVersion "1"]
[SourceVersionDate "1999.11.16"]
[SourceQuality "1"]

1. Nf3 d5 2. g3 c5 3. Bg2 Nc6 4. 0-0 e5 5. d3 Be7 6. e4 d4 7. a4 g5 8. Na3 h5 9. Nd2 Be6 10. h3 Qd7 11. Kh2 Nh6 12. Ndc4 0-0-0 13. Bd2 Rdf8 14. Na5 Nxa5 15. Bxa5 f5 16. exf5 Bd5 17. Qe2 Rxf5 18. Nc4 g4 19. Nxe5 Qd6 20. Nc4 Bxc4 21. dxc4 Re5 22. Qd3 h4 23. Rae1 Nf5 24. Rxe5 Qxe5 25. Bd2 Ne3 26. Bxe3 hxg3+ 27. fxg3 dxe3 28. Rf5 Qc7 29. Qxe3 gxh3 30. Bxh3 Kb8 31. Qe5 Qxe5 32. Rxe5 Bd6 33. Re6 Kc7 34. Kg2 Rg8 35. Re3 Kb6 36. Be6 Rg5 37. g4 Re5 38. Rxe5 Bxe5 39. b3 Kc7 40. Kf3 Kd6 41. Bd5 b6 42. Ke4 1-0

[Event "ROM-chB"]
[Site "Alba Iulia"]
[Date "1997.??.??"]
[Round "?"]
[White "Istrate, Bogdan"]
[Black "Moraru, Marius"]
[Result "1/2-1/2"]
[WhiteElo "2325"]
[BlackElo "2290"]
[PlyCount "34"]
[EventDate "1997.07.??"]
[EventType "tourn"]
[EventRounds "9"]
[EventCountry "ROU"]
[EventCategory "6"]
[SourceTitle "EXT 2000"]
[Source "ChessBase"]
[SourceDate "1999.11.16"]
[SourceVersion "1"]
[SourceVersionDate "1999.11.16"]
[SourceQuality "1"]

1. Nf3 g6 2. d4 Bg7 3. g3 c5 4. d5 Nf6 5. c4 b5 6. cxb5 a6 7. bxa6 Bxa6 8. Bg2 d6 9. 0-0 Nbd7 10. Nc3 0-0 11. Qc2 Qa5 12. Rd1 Rfb8 13. Rb1 Ng4 14. Bg5 Kf8 15. Bd2 Qc7 16. h3 Nge5 17. Nxe5 Nxe5 1/2-1/2

[Event "ROM-chT"]
[Site "Baile Tusnad"]
[Date "1997.??.??"]
[Round "?"]
[White "Istrate, Bogdan"]
[Black "Moraru, Marius"]
[Result "1-0"]
[WhiteElo "2345"]
[BlackElo "2240"]
[PlyCount "91"]
[EventDate "1997.??.??"]
[EventType "team"]
[EventRounds "5"]
[EventCountry "ROU"]
[SourceTitle "EXT 1999"]
[Source "ChessBase"]
[SourceDate "1998.11.16"]
[SourceVersion "1"]
[SourceVersionDate "1998.11.16"]
[SourceQuality "1"]

1. Nf3 g6 2. c4 Bg7 3. d4 d6 4. g3 c5 5. Bg2 Nc6 6. d5 Na5 7. 0-0 a6 8. Qc2 b5 9. Nbd2 Nf6 10. e4 Nd7 11. Rb1 bxc4 12. Nxc4 Nxc4 13. Qxc4 0-0 14. Qc2 Nb6 15. Bd2 e6 16. dxe6 Bxe6 17. Rbd1 Qe7 18. Rfe1 Rab8 19. Bg5 f6 20. Bf4 Nc4 21. b3 Ne5 22. Nxe5 dxe5 23. Be3 Rfc8 24. Bf1 a5 25. Bc4 Bf8 26. Bxe6+ Qxe6 27. Rd5 f5 28. f3 Rb4 29. a3 Rb7 30. Qc4 f4 31. Bf2 Rf7 32. Kg2 h5 33. Red1 Rcc7 34. Rxc5 Qxc4 35. Rxc4 Rb7 36. Rd3 Bxa3 37. Rd6 Rf8 38. Rcc6 Kh7 39. Bc5 Bxc5 40. Rxc5 a4 41. bxa4 Rb2+ 42. Kh3 Ra2 43. Rxe5 fxg3 44. Re7+ Kh6 45. hxg3 Rxa4 46. f4 1-0

[Event "ROM-chB"]
[Site "Alba Iulia"]
[Date "1997.??.??"]
[Round "?"]
[White "Nanu, Ciprian Costica"]
[Black "Istrate, Bogdan"]
[Result "1/2-1/2"]
[WhiteElo "2320"]
[BlackElo "2325"]
[PlyCount "79"]
[EventDate "1997.07.??"]
[EventType "tourn"]
[EventRounds "9"]
[EventCountry "ROU"]
[EventCategory "6"]
[SourceTitle "EXT 2000"]
[Source "ChessBase"]
[SourceDate "1999.11.16"]
[SourceVersion "1"]
[SourceVersionDate "1999.11.16"]
[SourceQuality "1"]

1. e4 c5 2. b4 cxb4 3. a3 d5 4. exd5 Qxd5 5. Bb2 e5 6. c4 Qe6 7. Nf3 Nc6 8. Bd3 Bc5 9. 0-0 Nge7 10. Re1 f6 11. axb4 Nxb4 12. Bf1 Qb6 13. d4 exd4 14. Bxd4 Bg4 15. Nc3 Bxf3 16. Bxc5 Qxc5 17. Qxf3 0-0 18. Qxb7 Nec6 19. Ne4 Qb6 20. Qd7 Ne5 21. Qa4 Nbd3 22. Reb1 Qd4 23. c5 Qxa4 24. Rxa4 f5 25. Nd6 Nxc5 26. Ra5 Ned7 27. Rc1 Rf6 28. Nb5 Ra6 29. Rxa6 Nxa6 30. Nc7 Nxc7 31. Rxc7 Nb6 32. g3 Rf8 33. Rxa7 Rf7 34. Ra6 Rf6 35. f4 Kf7 36. Bd3 Nd7 37. Ra7 Ke7 38. Kf2 g6 39. Ke3 Ke6 40. Kf3 1/2-1/2